Sports Quiz

Random Sports or Numbers Quiz

Better Odds than a Perfect NCAA Bracket Quiz Stats

 Plays Quiz Updated Apr 8, 2019

Score 0/20 Timer 05:00
6 Plays Today
Event Y or N % Correct
Dating a millionaire???
96.6%
Dying from heart disease???
96.4%
Winning an Oscar???
96.4%
Writing a best selling novel???
96.3%
Getting a royal flush in Texas Hold 'Em Poker???
96.2%
Being injured by a toilet???
96.1%
Winning an Olympic Gold medal???
96.1%
Dying in an airplane crash???
95.2%
Being drafted by the NBA ???
93.9%
Getting canonized???
92.5%
Event Y or N % Correct
Finding a four-leaf clover???
92.4%
Making an albatross in golf???
91.9%
Being struck by lightning???
91.2%
Being crushed by a meteor???
90.2%
Being killed by tornado???
88.7%
Becoming an astronaut???
86.7%
Becoming a president???
85.7%
Hitting the same number on a Roulette wheel, 7 times in a row???
84.4%
Dying from a dog bite???
78%
Winning the Powerball jackpot???
73.8%

You're not logged in!

Compare scores with friends on all Sporcle quizzes.
OR
Log In

Sporcle TV

Today on Sporcle TV


Watch our educational content, quiz creation guides, and fun videos on Sporcle TV.

Show Comments

Extras

Top Quizzes Today


Score Distribution

Your Account Isn't Verified!

In order to create a playlist on Sporcle, you need to verify the email address you used during registration. Go to your Sporcle Settings to finish the process.

Report this User

Report this user for behavior that violates our Community Guidelines.

Details: